Normal view
MARC view
- Jones, Arthur J.
Entry Nombre Personal
001 - NUMERO DE CONTROL
- campo de control: 43576
003 - IDENTIFICADOR DE NUMERO DE CONTROL
- campo de control: MX-MxUPN
005 - FECHA Y HORA DE LA ÜLTIMA TRANSACCIÓN
- campo de control: 20220216121012.0
008 - DATOS DE LONGITUD FIJA
- campo de control de longitud fija: 220121|| aca||aabn | a|a d
040 ## - FUENTE DE CATALOGACIÓN
- Agencia original de catalogación: MX-MxUPN
- Lenguaje de catalogación: spa
- Agencia de transcripción: MX-MxUPN
100 1# - ENCABEZAMIENTO - NOMBRE PERSONAL
- Nombre personal: Jones, Arthur J.
- Fuller form of name: (Arthur Julius),
- Fechas asociadas con el nombre: 1871-1963
400 1# - VEÁSE - NOMBRE DE PERSONA
- Personal name: Jones, Arthur Julius,
- Dates associated with a name: 1871-1963
400 1# - VEÁSE - NOMBRE DE PERSONA
- Personal name: Jones, Arthur J.,
- Dates associated with a name: 1871-1963
670 ## - FUENTE EN LA QUE SE LOCALIZARON DATOS
- Cita de la fuente: Principios de orientación y asistencia personal al alumno, 1970:
- Información localizada: portada (Arthur J. Jones)
670 ## - FUENTE EN LA QUE SE LOCALIZARON DATOS
- Cita de la fuente: LC in OCLC:
- Información localizada: (hdg.: Jones, Arthur Julius, 1871-1963; usage: Arthur J. Jones)
902 ## - CATALOGADOR
- Catalogador: VRC/210122
